Technika figurální kresby /

Hlavní autor: Staněk, Milan, 1931-2015
Další autoři: Linc, Rudolf, 1921-2015
Jazyk: Čeština
Vydáno: Praha : NS Svoboda, 1999
Vydání: Vyd. 1.
Témata:
Fyzický popis: 213 s. : il. ; 30 cm
Knihy
Uloženo v:
LEADER 01197nam a2200361 a 4500
001 000420545
003 CZ BrMZK
005 20201204162522.0
007 ta
008 010907s1999 xr e f 0 cze d
015 |a cnb000691441 
020 |a 80-205-0583-0 
035 |a (OCoLC)42616785 
040 |a BOA001  |b cze 
072 7 |a 74  |x Kresba. Umělecká řemesla  |2 Konspekt  |9 21 
080 |a 741.041  |2 MRF 
080 |a 741.02  |2 MRF 
080 |a 611  |2 MRF 
080 |a (035)  |2 MRF 
100 1 |a Staněk, Milan,  |d 1931-2015  |7 ola200203748  |4 aut 
245 1 0 |a Technika figurální kresby /  |c Milan Staněk, Rudolf Linc ; [výběr ilustrací Milan Staněk] 
250 |a Vyd. 1. 
260 |a Praha :  |b NS Svoboda,  |c 1999 
300 |a 213 s. :  |b il. ;  |c 30 cm 
500 |a Bibliogr. 
650 0 7 |a figurální kresba  |7 ph120171  |2 czenas 
650 0 7 |a kreslířské techniky  |7 ph135189  |2 czenas 
650 0 7 |a anatomie člověka  |7 ph118421  |2 czenas 
655 7 |a příručky  |7 fd133209  |2 czenas 
700 1 |a Linc, Rudolf,  |d 1921-2015  |7 jk01072128  |4 aut 
910 |a BOA001  |b 4-1059.767 
990 |a BK 
996 6 |b 2610093578  |c 4-1059.767  |l MZK  |r Sklad / do 1 hodiny  |n 13  |p p.v.  |w 000420545  |u 000010  |a 1  |e BOA001  |j MZK50  |s P